00802nmc a2200241 a 4500003000900000005001700009008004100026020001800067040001300085100002500098245003000123250001200153260004300165300001100208490003100219500019100250650002300441650001100464650001200475650001700487655001500504700004100519AR-BaBNM20251128211322.0204020s2000 ||||||||||||||000 | spa|| a958-04-5771-9 cAR-BaBNM1 aShakespeare, William10aLa comedia de los errores a1ª ed. aBarcelonabGrupo Editorial Normac2000 a120 p. 0aShakespeare por escritores aLa colección "Shakespeare por escritores" presenta traducciones de las obras completas de William Shakespeare hechas por poetas, dramaturgos y narradores de América Latina y España 4aLITERATURA INGLESA 4aTEATRO 4aCOMEDIA 4aRENACIMIENTO aLITERATURA1 aChaparro Valderrama, Hugoetraductor